El nacimiento de la ideología fascista
Tallennettuna:
| Päätekijät: | , , |
|---|---|
| Aineistotyyppi: | Kirja |
| Kieli: | espanja |
| Julkaistu: |
Madrid
Siglo Veintiuno
1994
|
| Painos: | 1a. ed |
| Sarja: | Historia
|
| Aiheet: | |
| Tagit: |
Lisää tagi
Ei tageja, Lisää ensimmäinen tagi!
|
MARC
| LEADER | 00000cam a2200000 a 4500 | ||
|---|---|---|---|
| 001 | UCC5502 | ||
| 003 | CL-VaPUC | ||
| 008 | 181012e19940000sp |||||||||||||||||spa|d | ||
| 020 | |a 9788432308550 | ||
| 082 | 0 | 4 | |a 335.6 |b STE |2 21 |
| 100 | 0 | |a Sternhell, Zeev |e author |9 599794 | |
| 700 | 0 | |a Sznajder, Mario |e author |9 599795 | |
| 700 | 0 | |a Asheri, Maia |e author |9 599796 | |
| 245 | 1 | 3 | |a El nacimiento de la ideología fascista |
| 250 | |a 1a. ed | ||
| 300 | |a 418 p | ||
| 942 | |c BK | ||
| 945 | |d 20181012 13:26:00 |a dcastane | ||
| 260 | |a Madrid |b Siglo Veintiuno |c 1994 | ||
| 650 | 0 | |a Fascismo |9 255687 | |
| 650 | 0 | |a Ideologías políticas |9 255735 | |
| 650 | 0 | |a Conflictos sociales |9 372024 | |
| 583 | |a last modification |c 20181012 13:26:00 |k Rodrigo Vera | ||
| 490 | 0 | |a Historia | |
| 999 | |c 372697 |d 372695 | ||
| 952 | |0 0 |1 0 |3 erb |4 0 |6 335_600000000000000_STE_1994 |7 0 |8 A |9 490438 |a BIBHIS |b BIBHIS |i 5505496 |l 3 |o 335.6 STE 1994 |p 5505496 |r 2025-01-20 |s 2024-06-25 |w 2019-11-24 |y BK |z Catalogado en:20181012 |k HIS | ||